Eastern Utah Libraries Catalog: Duchesne, Heber, Roosevelt, & Vernal

Revenge of the horned bunnies / (Record no. 106113)

MARC details
000 -LEADER
fixed length control field 02206cam a2200589 a 4500
001 - CONTROL NUMBER
control field ocn726817979
003 - CONTROL NUMBER IDENTIFIER
control field OCoLC
005 - DATE AND TIME OF LATEST TRANSACTION
control field 20241220135639.0
008 - FIXED-LENGTH DATA ELEMENTS--GENERAL INFORMATION
fixed length control field 110601s2012 nyua c 000 1 eng
010 ## - LIBRARY OF CONGRESS CONTROL NUMBER
LC control number 2011015605
020 ## - INTERNATIONAL STANDARD BOOK NUMBER
International Standard Book Number 9780803736771
020 ## - INTERNATIONAL STANDARD BOOK NUMBER
International Standard Book Number 0803736770 (paper-over-board)
029 1# - (OCLC)
OCLC library identifier AU@
System control number 000047114513
029 1# - (OCLC)
OCLC library identifier NZ1
System control number 14105518
029 1# - (OCLC)
OCLC library identifier AU@
System control number 000048569329
035 ## - SYSTEM CONTROL NUMBER
System control number (OCoLC)726817979
Canceled/invalid control number (OCoLC)777911922
040 ## - CATALOGING SOURCE
Original cataloging agency DLC
Language of cataloging eng
Transcribing agency DLC
Modifying agency IG#
-- BTCTA
-- ZGY
-- WL8
-- WIQ
-- LF3
-- BDX
-- VP@
-- WIM
-- YDXCP
-- UINTA
Description conventions rda
042 ## - AUTHENTICATION CODE
Authentication code lcac
-- pcc
049 ## - LOCAL HOLDINGS (OCLC)
Holding library UCLB
050 00 - LIBRARY OF CONGRESS CALL NUMBER
Classification number PZ7.V5985
Item number Re 2012
082 00 - DEWEY DECIMAL CLASSIFICATION NUMBER
Classification number [Fic]
Edition number 23
092 ## - LOCALLY ASSIGNED DEWEY CALL NUMBER (OCLC)
Classification number junior fiction
Item number Vernon
100 1# - MAIN ENTRY--PERSONAL NAME
Personal name Vernon, Ursula.
9 (RLIN) 5683759
245 10 - TITLE STATEMENT
Title Revenge of the horned bunnies /
Statement of responsibility, etc by Ursula Vernon.
260 ## - PUBLICATION, DISTRIBUTION, ETC. (IMPRINT)
Place of publication, distribution, etc New York :
Name of publisher, distributor, etc Dial Books,
Date of publication, distribution, etc c2012.
264 ## - Production, Publication, Distribution, Manufacture, and Copyright Notice.
Place of production, publication, distribution, manufacture New York :
Name of producer, publisher, distributor, manufacturer Dial Books,
Date of production, publication, distribution, manufacture, or copyr 2012
300 ## - PHYSICAL DESCRIPTION
Extent 195 p. :
Other physical details ill. ;
Dimensions 19 cm.
490 1# - SERIES STATEMENT
Series statement Dragonbreath ;
Volume number/sequential designation 6
520 ## - SUMMARY, ETC.
Summary, etc Danny Dragonbreath is excited about going to camp with his best friend Wendell and classmate Christiana even though his obnoxious, seven-year-old cousin Spencer is going too, but things change when Spencer finds a real jackalope.
650 #1 - SUBJECT ADDED ENTRY--TOPICAL TERM
Topical term or geographic name as entry element Camps
Form subdivision Fiction.
9 (RLIN) 5676994
650 #1 - SUBJECT ADDED ENTRY--TOPICAL TERM
Topical term or geographic name as entry element Cousins
Form subdivision Fiction.
9 (RLIN) 6262466
650 #1 - SUBJECT ADDED ENTRY--TOPICAL TERM
Topical term or geographic name as entry element Animals, Mythical
Form subdivision Fiction.
9 (RLIN) 5675616
650 #1 - SUBJECT ADDED ENTRY--TOPICAL TERM
Topical term or geographic name as entry element Dragons
Form subdivision Fiction.
9 (RLIN) 5673926
650 #1 - SUBJECT ADDED ENTRY--TOPICAL TERM
Topical term or geographic name as entry element Iguanas
Form subdivision Fiction.
9 (RLIN) 6357981
650 #1 - SUBJECT ADDED ENTRY--TOPICAL TERM
Topical term or geographic name as entry element Humorous stories.
9 (RLIN) 6262468
650 #0 - SUBJECT ADDED ENTRY--TOPICAL TERM
Topical term or geographic name as entry element Camps
Form subdivision Juvenile fiction.
9 (RLIN) 5681971
650 #0 - SUBJECT ADDED ENTRY--TOPICAL TERM
Topical term or geographic name as entry element Cousins
Form subdivision Juvenile fiction.
9 (RLIN) 5676179
650 #0 - SUBJECT ADDED ENTRY--TOPICAL TERM
Topical term or geographic name as entry element Animals, Mythical
Form subdivision Juvenile fiction.
9 (RLIN) 5675273
650 #0 - SUBJECT ADDED ENTRY--TOPICAL TERM
Topical term or geographic name as entry element Dragons
Form subdivision Juvenile fiction.
9 (RLIN) 5673921
650 #0 - SUBJECT ADDED ENTRY--TOPICAL TERM
Topical term or geographic name as entry element Iguanas
Form subdivision Juvenile fiction.
9 (RLIN) 5683761
650 #7 - SUBJECT ADDED ENTRY--TOPICAL TERM
Topical term or geographic name as entry element Camps
Form subdivision Fiction.
Source of heading or term sears
9 (RLIN) 5676994
650 #7 - SUBJECT ADDED ENTRY--TOPICAL TERM
Topical term or geographic name as entry element Cousins
Form subdivision Fiction.
Source of heading or term sears
9 (RLIN) 6410119
650 #7 - SUBJECT ADDED ENTRY--TOPICAL TERM
Topical term or geographic name as entry element Mythical animals
Form subdivision Fiction.
Source of heading or term sears
9 (RLIN) 5795451
650 #7 - SUBJECT ADDED ENTRY--TOPICAL TERM
Topical term or geographic name as entry element Dragons
Form subdivision Fiction.
Source of heading or term sears
9 (RLIN) 5673926
650 #7 - SUBJECT ADDED ENTRY--TOPICAL TERM
Topical term or geographic name as entry element Iguanas
Form subdivision Fiction.
Source of heading or term sears
9 (RLIN) 6357981
655 #0 - INDEX TERM--GENRE/FORM
Genre/form data or focus term Humorous stories.
9 (RLIN) 6262469
800 1# - SERIES ADDED ENTRY--PERSONAL NAME
Personal name Vernon, Ursula.
Title of a work Dragonbreath ;
Volume/sequential designation bk. 6.
9 (RLIN) 5683764
942 ## - ADDED ENTRY ELEMENTS (KOHA)
Koha item type BOOK
Source of classification or shelving scheme Dewey Decimal Classification
Holdings
Withdrawn status Lost status Source of classification or shelving scheme Damaged status Not for loan Collection code Home library Current library Shelving location Date acquired Source of acquisition Serial Enumeration / chronology Total Checkouts Total Renewals Full call number Barcode Date last seen Date checked out Cost, replacement price Price effective from Koha item type
    Dewey Decimal Classification     Junior Fiction Wasatch County Library Wasatch County Library Main Floor Junior Area 03/18/2021 Micromarketing #6 6 6 J Vernon 34301001671728 07/10/2025 06/17/2025 14.99 03/18/2021 BOOK
This project was made possible through a grant from the Institute of Museum and Library Service administered by the Utah State Library Division.

Wasatch County Library

  • 465 East 1200 South, Heber City, Utah 84032
  • Phone 435-654-1511 | Fax 435-654-6456

Hours

  • Monday - Friday 9:30 AM - 8:00 PM
  • Saturday 9:30 AM - 1:30 PM
  • Closed Sundays and Holidays